[Event "Moscow Open E"]
[Site "Moscow RUS"]
[Date "2011.01.30"]
[Round "2"]
[White "Shuvalov,E"]
[Black "Matlakov,M"]
[Result "0-1"]
[WhiteElo "2255"]
[BlackElo "2616"]

1.Nf3 d5 2.c4 d4 3.g3 Nc6 4.Bg2 e5 5.O-O a5 6.d3 Nf6 7.Na3 Be7 8.Nc2 h6 9.a3 O-O
10.Bd2 Re8 11.b4 Bf8 12.Be1 Bg4 13.h3 Bf5 14.Kh2 Qd7 15.bxa5 Bd6 16.Rb1 Nd8
17.Rb2 Bh7 18.Nd2 c5 19.Ne4 Nxe4 20.dxe4 Bg6 21.Qd3 f6 22.Bd2 Bf7 23.Rc1 Nc6
24.Rb5 Reb8 25.Ne1 Be7 26.Qb1 Na7 27.Rb3 Nc8 28.Nd3 Qc7 29.Rb5 Na7 30.Rb2 Nc6
31.Rb5 Nxa5 32.Bxa5 Rxa5 33.Qb3 Rxb5 34.Qxb5 Ra8 35.Qb3 Qc6 36.Nb2 Bd8 37.Nd3 Ba5
38.f4 Re8 39.Rb1 b6 40.Bf3 Qe6 41.Nb2 exf4 42.gxf4 f5 43.e5 Bd2 44.Nd3 Bxf4+
45.Kh1 Bxe5 46.Qxb6 Rb8 47.Qxb8+ Bxb8 48.Rxb8+ Kh7 49.Nxc5 Qd6 50.Rc8 Bxc4
51.Nb7 Qa6 52.Rc6 Qa4 53.Rd6 Qd1+ 54.Kg2 Bxe2  0-1

[Event "16th HIT Open"]
[Site "Nova Gorica SLO"]
[Date "2011.01.30"]
[Round "5"]
[White "Novak,Ks"]
[Black "Skok,J"]
[Result "1-0"]
[WhiteElo "2127"]
[BlackElo "2029"]

1.Nf3 d5 2.c4 Nf6 3.g3 g6 4.b3 Bg7 5.Bb2 O-O 6.cxd5 Nxd5 7.Bxg7 Kxg7 8.Bg2 c6
9.h4 h5 10.O-O Bg4 11.Ne5 Qc8 12.Nxg4 Qxg4 13.d4 Nd7 14.e4 Qxd1 15.Rxd1 N5b6
16.Nd2 e6 17.a4 a6 18.a5 Nc8 19.Nc4 Nf6 20.Rac1 Rd8 21.Nb2 Ne7 22.Na4 Rab8
23.Kf1 Kf8 24.Ke2 Ke8 25.Rd2 Kf8 26.f3 Nd7 27.Bh3 f5 28.Bf1 Kf7 29.Ke3 Kf6
30.Bc4 Rbc8 31.Rcd1 Rb8 32.Nc5 Nf8 33.g4 hxg4 34.fxg4 Nc8 35.e5+ Kf7 36.gxf5 gxf5
37.Rg1 Ne7 38.Rdg2 f4+ 39.Kd3 Nf5 40.Kc3 f3 41.Rg5 Ke7 42.Nxe6 Nxe6 43.Rxf5 Rf8
44.Rxf8 Rxf8 45.Bxe6 Kxe6 46.Kd3 Kd5 47.Rg6 Rd8 48.Rd6+ Rxd6 49.exd6  1-0

[Event "33rd Bulgarian Open"]
[Site "Plovdiv BUL"]
[Date "2011.01.31"]
[Round "2.1"]
[White "Vachev,V"]
[Black "Radulski,J"]
[Result "0-1"]
[WhiteElo "2141"]
[BlackElo "2590"]

1.Nf3 d5 2.c4 e6 3.g3 Nf6 4.Bg2 Be7 5.O-O O-O 6.b3 a5 7.Bb2 a4 8.d3 a3 9.Bc3 Nc6
10.e3 Nb4 11.Ne1 c5 12.Bxb4 cxb4 13.Nd2 b5 14.cxb5 Bd7 15.Ndf3 Bxb5 16.Nd4 Bd7
17.f4 Qb6 18.h3 Rac8 19.Rf2 Bc5 20.Nef3 Rc7 21.Rc1 Rfc8 22.Rfc2 Ne8 23.Kh2 Nd6
24.Qe2 h6 25.g4 Bxd4 26.Nxd4 Nb5 27.Nxb5 Bxb5 28.Rxc7 Rxc7 29.Rxc7 Qxc7 30.Kg3 Qc3
31.Bf1 Ba4 32.bxa4 b3  0-1

[Event "Moscow Open F Women"]
[Site "Moscow RUS"]
[Date "2011.02.02"]
[Round "5.59"]
[White "Kiparenko,G"]
[Black "Sotiriadou,I"]
[Result "1-0"]
[WhiteElo "2079"]
[BlackElo "1607"]

1.Nf3 d5 2.c4 c6 3.cxd5 cxd5 4.d4 Nf6 5.Nc3 Nc6 6.Ne5 Nxe5 7.dxe5 Ne4 8.Qxd5 Nxc3
9.Qxd8+ Kxd8 10.bxc3 Bf5 11.f3 h6 12.e4 Bh7 13.Be3 e6 14.O-O-O+ Kc7 15.a4 Ba3+
16.Kc2 a6 17.Kb3 Be7 18.a5 Rac8 19.Ba7 Bg6 20.Be2 f6 21.Rd2 Be8 22.Rhd1 Bc6
23.Bc4 fxe5 24.Bxe6 Bg5 25.Rd3 Rcf8 26.Rd7+ Bxd7 27.Rxd7+ Kc6 28.Rxg7 Bd8
29.Bd5+ Kb5 30.Rxb7+ Kxa5 31.Bc5 Bb6 32.Bxb6+  1-0

[Event "33rd Bulgarian Open"]
[Site "Plovdiv BUL"]
[Date "2011.02.03"]
[Round "6.18"]
[White "Petkov,V"]
[Black "Popov,P"]
[Result "1-0"]
[WhiteElo "2506"]
[BlackElo "2249"]

1.Nf3 d5 2.c4 e6 3.d4 c6 4.Nbd2 Nf6 5.Qc2 Nbd7 6.e4 Nxe4 7.Nxe4 dxe4 8.Qxe4 Bb4+
9.Ke2 Nf6 10.Qc2 Bd6 11.g3 b6 12.Bg2 Bb7 13.Rd1 h6 14.Kf1 O-O 15.Be3 Qc7
16.c5 bxc5 17.dxc5 Be7 18.Bf4 Qc8 19.Bd6 Re8 20.Ne5 Nd5 21.Rd4 f6 22.Nc4 Ba6
23.Kg1 Bxc4 24.Rxc4 Qd7 25.Re1 Bxd6 26.cxd6 Rac8 27.Rc1 Qxd6 28.Rxc6 Rxc6
29.Qxc6 Qxc6 30.Rxc6 Nb4 31.Rc7 Nxa2 32.Rxa7 Nc1 33.b4 Ne2+ 34.Kf1 Nd4 35.Rd7 e5
36.h4 Rb8 37.Bb7 Kf8 38.h5 Ne6 39.Kg2 Ke8 40.Bc6 Kf8 41.Bd5 Nd4 42.Rf7+ Ke8
43.Rxg7 Rxb4 44.Rh7 Rb5 45.Bf7+ Kf8 46.Bg6 Kg8 47.Rxh6  1-0

[Event "TCh-SWE Elitserien 2010-11"]
[Site "Sweden SWE"]
[Date "2011.02.05"]
[Round "7"]
[White "Lauritzson,P"]
[Black "Malesevic,N"]
[Result "1/2-1/2"]
[WhiteElo "2111"]
[BlackElo "2290"]

1.Nf3 d5 2.c4 e6 3.g3 Nf6 4.Bg2 Be7 5.O-O O-O 6.b3 b6 7.Bb2 Bb7 8.d4 Ne4
9.Nc3 dxc4 10.bxc4 Nd7 11.Qc2 Nxc3 12.Bxc3 c5 13.Ng5 Bxg5 14.Bxb7 Rb8 15.Be4 f5
16.Bg2 cxd4 17.Bxd4 Bf6 18.Rfd1 Qc7 19.Rac1 Bxd4 20.Rxd4 Rbc8 21.a4 Nc5 22.f4 Kh8
23.Rcd1 h6 24.e4 e5 25.fxe5 fxe4 26.Rd5 Rce8 27.Qc3 Nd3 28.Bxe4 Nxe5 29.c5 Ng4
30.Bg6 Re3 31.R1d3 Qc6 32.Rf5 Rxf5 33.Rd8+ Re8 34.Rxe8+ Qxe8 35.Bxe8 Rxc5
36.Qd4 Rc1+ 37.Kg2 Rc2+ 38.Kf3 Nxh2+ 39.Kf4 Rc8 40.Bh5 Rf8+ 41.Ke5 Nf3+ 42.Bxf3 Rxf3
43.g4 Rf6 44.Qd8+ Kh7 45.Qd3+ Kh8 46.Qa6 Rf7 47.Ke6 Rf4 48.Ke7 Kh7 49.Qd3+ Kh8
50.Qd2 Rf6 51.Qd7 a5 52.Qd8+ Kh7 53.Qd4 Kg8 54.Qxf6 gxf6 55.Kxf6 Kf8 56.Kg6 Ke7
57.Kxh6 b5 58.axb5 a4 59.b6 Kd7 60.g5 a3 61.b7 Kc7 62.g6 a2 63.g7 a1=Q 64.b8=Q+ Kxb8
65.g8=Q+  1/2-1/2

[Event "1st Open"]
[Site "Cento ITA"]
[Date "2011.02.09"]
[Round "5"]
[White "Leon Hoyos,M"]
[Black "Piscopo,P"]
[Result "0-1"]
[WhiteElo "2565"]
[BlackElo "2406"]

1.Nf3 d5 2.c4 d4 3.b4 g6 4.e3 dxe3 5.fxe3 Bg7 6.d4 a5 7.b5 c5 8.bxc6 Nxc6
9.Nc3 Nh6 10.Rb1 O-O 11.c5 e5 12.d5 e4 13.Nxe4 Nb4 14.Nd6 Nf5 15.a3 Nxd6
16.axb4 Bc3+ 17.Ke2 Ne4 18.b5 Bg7 19.Rb3 a4 20.Ra3 Qa5 21.Qd3 Nxc5 22.Qc4 Qb6
23.Kf2 Bf5 24.Nd4 Rfc8 25.Nxf5 gxf5  0-1

[Event "ch-TUR"]
[Site "Kemer-Antalya TUR"]
[Date "2011.02.09"]
[Round "6"]
[White "Tasan,M"]
[Black "Zavalsiz,Adem"]
[Result "0-1"]
[WhiteElo "2049"]
[BlackElo "1667"]

1.Nf3 d5 2.c4 e6 3.e3 Nf6 4.b3 Be7 5.Be2 c5 6.Bb2 Nc6 7.O-O d4 8.d3 e5 9.e4 h6
10.Ne1 g5 11.Bc1 Be6 12.a3 a5 13.Bd2 Ra6 14.g3 Qd6 15.Bf3 Qd7 16.Bg2 Bh3
17.Ra2 Rg8 18.a4 Nb4 19.Rb2 Bxg2 20.Kxg2 h5 21.h3 Qe6 22.Na3 Kd7 23.Kh2 Raa8
24.Bc1 Rg7 25.f3 Rag8 26.Rbf2 Bd6 27.Ng2 Nc6 28.Bd2 b6 29.Be1 Nh7 30.Nb5 Bb8
31.Re2 Nf8 32.h4 f6 33.Rb2 Qe7 34.Qe2 Ne6 35.Na3 Ncd8 36.Ra2 Nf7 37.Qd1 Nh6
38.Nb1 Bd6 39.Na3 Rg6 40.Nb5 Bb8 41.Qc1 Nf7 42.Qd1 Nh6 43.Qc1 f5 44.hxg5 Nxg5
45.Nh4 Rf6 46.Bd2 f4 47.gxf4 exf4 48.Be1 Qe6 49.Rg2 Qh3+ 50.Kg1 Nxf3+  0-1

[Event "1st Open"]
[Site "Cento ITA"]
[Date "2011.02.10"]
[Round "6"]
[White "Molina,Fa"]
[Black "Frigieri,F"]
[Result "1-0"]
[WhiteElo "2236"]
[BlackElo "2161"]

1.Nf3 d5 2.c4 e6 3.g3 dxc4 4.Bg2 Nd7 5.O-O Ngf6 6.Qc2 Nb6 7.Rd1 Bd6 8.a4 a5
9.Na3 Bxa3 10.Rxa3 O-O 11.d3 cxd3 12.Raxd3 Nbd5 13.Rd4 Qe7 14.Ne5 c5 15.Rh4 b6
16.Nc6 Qc7 17.e4 Qxc6 18.exd5 Qe8 19.d6 Ra7 20.Bg5 h6 21.Rxh6 gxh6 22.Bxf6 Bb7
23.Bxb7 Rxb7 24.Qe4  1-0

[Event "ch-TUR"]
[Site "Kemer-Antalya TUR"]
[Date "2011.02.10"]
[Round "7"]
[White "Bilgin,M"]
[Black "Bozkurt,I"]
[Result "0-1"]
[WhiteElo "1869"]
[BlackElo "2109"]

1.Nf3 d5 2.c4 e6 3.g3 Nf6 4.Bg2 Be7 5.O-O O-O 6.b3 c5 7.Bb2 Nc6 8.e3 d4 9.exd4 cxd4
10.Re1 Ne8 11.d3 f6 12.Bh3 Nc7 13.Na3 e5 14.Bxc8 Qxc8 15.Nc2 Qd7 16.Bc1 a5
17.Rb1 b5 18.Nh4 g5 19.Ng2 Qf5 20.g4 Qg6 21.a3 Rab8 22.Qf3 Rb6 23.Bd2 Rfb8
24.c5 Ra6 25.b4 a4 26.Re2 Rd8 27.h4 h6 28.h5 Qh7 29.Qe4 f5 30.gxf5 Rf8 31.f4 gxf4
32.Nxf4 exf4 33.Bxf4 Bg5 34.Bxc7 Qxc7 35.Nxd4 Nxd4 36.Qxd4 Rd8 37.Qe4 Qg3+
38.Rg2 Qxd3 39.Qe7 Qxb1+ 40.Kh2 Qd1 41.Qe4 Qd4 42.Qe2 Rf6 43.c6 Rxc6 44.f6 Qh4+
45.Kg1 Rc1+ 46.Qf1  0-1

[Event "ch-St Petersburg S/F 2011"]
[Site "St Petersburg RUS"]
[Date "2011.02.11"]
[Round "1.7"]
[White "Svetlov,D"]
[Black "Usmanov,V"]
[Result "1-0"]
[WhiteElo "2414"]
[BlackElo "2215"]

1.Nf3 d5 2.c4 e6 3.g3 Nf6 4.Bg2 Be7 5.O-O O-O 6.d4 c6 7.Qc2 b6 8.Nbd2 Bb7
9.e4 Nbd7 10.e5 Ne8 11.cxd5 cxd5 12.Re1 Rc8 13.Qb3 Nb8 14.Bf1 Ba6 15.Bxa6 Nxa6
16.Nf1 Nb4 17.Ne3 Qd7 18.Bd2 Nc6 19.Ng2 f5 20.h4 Nc7 21.Rac1 b5 22.Rc2 a6
23.Nf4 Na8 24.Qd3 Nb6 25.Ng5 Bxg5 26.hxg5 Ne7 27.Bb4 Rxc2 28.Qxc2 Rc8 29.Qd2 Nc4
30.Qe2 Nc6 31.Bc5 g6 32.Rc1 Nd8 33.b3 Na5 34.Nd3 Nac6 35.Qe3 Nb7 36.Rc2 Qd8
37.Qc1 Kf7 38.Kg2 Qd7 39.Bb6 Ne7 40.Bc7 Ke8 41.Nb4 a5 42.Na6 Kf7 43.a3 Qe8
44.Qh1 Kg8 45.Qe1 Ra8 46.Nc5 Nxc5 47.Rxc5 Qd7 48.Qc3 a4 49.Bd6 Ra7 50.Qb4 axb3
51.Rxb5 Nc6 52.Qxb3 Nxd4 53.Rb8+ Kg7 54.Rg8+ Kf7 55.Qb8  1-0

[Event "IV Open A"]
[Site "Gora Swietej Anny POL"]
[Date "2011.02.12"]
[Round "1.5"]
[White "Tymrakiewicz,R"]
[Black "Wacior,Maciej"]
[Result "1-0"]
[WhiteElo "2321"]
[BlackElo "1635"]

1.Nf3 d5 2.c4 Nf6 3.cxd5 Nxd5 4.d4 e6 5.e4 Bb4+ 6.Bd2 Bxd2+ 7.Qxd2 Nb6 8.Nc3 O-O
9.Rd1 Qe7 10.Bd3 Rd8 11.O-O c5 12.dxc5 Qxc5 13.e5 Nc6 14.Qf4 Nd5 15.Bxh7+ Kxh7
16.Ng5+ Kg6 17.Qxf7+ Kh6 18.Rd3 Qe7 19.Rh3+ Kxg5 20.Ne4+ Kg4 21.f3+  1-0

[Event "ch-TUR"]
[Site "Kemer-Antalya TUR"]
[Date "2011.02.12"]
[Round "9"]
[White "Sahin,S"]
[Black "Zavalsiz,Adem"]
[Result "1-0"]
[WhiteElo "1971"]
[BlackElo "1667"]

1.Nf3 d5 2.c4 e6 3.b3 Nf6 4.Bb2 Be7 5.e3 c6 6.Nc3 O-O 7.d4 Nbd7 8.Bd3 h6
9.O-O Re8 10.Qe2 Bd6 11.e4 e5 12.Qc2 exd4 13.Nxd4 Nc5 14.exd5 Bc7 15.Bf5 cxd5
16.Rad1 Qd6 17.g3 dxc4 18.Ndb5 Qc6 19.bxc4 a6 20.Nxc7 Qxc7 21.Nd5 Nxd5 22.cxd5 Bxf5
23.Qxf5 Ne4 24.Qg4 f6 25.d6 Nxd6 26.Bxf6 Ne4 27.Rd7 Qxd7 28.Qxd7 Nxf6 29.Qxb7 a5
30.Rc1 Reb8 31.Qc6 a4 32.Qe6+ Kh8 33.Rc7 a3 34.g4 Nh7 35.h4 Rf8 36.Qe7 Rg8
37.Ra7 Nf6 38.g5 Nd5 39.Qxa3 Rab8 40.Qd3 Nf4 41.Qf5 Rgf8 42.Qe5 Rb1+ 43.Kh2 Nh5
44.Rf7 Rbb8 45.g6 Nf6 46.Qe7 Rfe8 47.Qd6 Rbd8 48.Qb6 Ng4+ 49.Kg3 Ne5 50.Re7 Nd7
51.Qc7 Nf6 52.Kg2 Rg8 53.Rxg7 Rxg7 54.Qxd8+ Ng8 55.h5 Re7 56.f4 Kg7 57.f5 Rb7
58.a4 Nf6 59.Qd4 Rd7 60.Qc3 Rd5 61.a5 Rd7 62.a6 Re7 63.Qa5 Nxh5 64.a7 Rxa7
65.Qxa7+ Kf6 66.Qf7+ Kg5 67.g7 Nxg7 68.Qxg7+ Kxf5 69.Qxh6 Kg4 70.Qf6 Kh5
71.Qg7 Kh4 72.Kf3 Kh5 73.Ke4  1-0

[Event "TCh-FIN 2010-11"]
[Site "Tampere FIN"]
[Date "2011.02.12"]
[Round "7.4"]
[White "Lehtinen,H"]
[Black "Issakainen,A"]
[Result "1-0"]
[WhiteElo "2400"]
[BlackElo "2284"]

1.Nf3 d5 2.c4 c6 3.e3 Nf6 4.Nc3 g6 5.Be2 Bg7 6.O-O O-O 7.d4 a6 8.Bd2 Re8
9.Rc1 Ne4 10.Be1 e6 11.Qc2 f5 12.Ne5 Nd7 13.f3 Nxc3 14.Bxc3 Nxe5 15.dxe5 Qb6
16.Qd2 f4 17.c5 Qxc5 18.Bd4 fxe3 19.Qxe3 Qf8 20.h4 Bd7 21.h5 Rec8 22.hxg6 hxg6
23.Bd3 Be8 24.f4 Bf7 25.Rf3 Qd8 26.Rg3 Qe8 27.Rh3 Rc7 28.Bc5 Rd7 29.Rh2 Bf8
30.Qh3 Bxc5+ 31.Rxc5 Kf8 32.Qh6+ Ke7 33.Qg5+ Kf8 34.Qf6  1-0

[Event "IV Open A"]
[Site "Gora Swietej Anny POL"]
[Date "2011.02.13"]
[Round "3.29"]
[White "Lesniowski,Boguslaw"]
[Black "Korpalski,M"]
[Result "1-0"]
[WhiteElo "1660"]
[BlackElo "1487"]

1.Nf3 d5 2.c4 e6 3.e3 Nf6 4.b3 c5 5.Bb2 Nc6 6.d4 cxd4 7.Nxd4 Bc5 8.Be2 O-O
9.O-O dxc4 10.Nxc6 Qxd1 11.Rxd1 bxc6 12.Bxc4 Nd5 13.a3 Rb8 14.Be5 Rb6 15.e4 f6
16.Bg3 Ne7 17.b4 Bxb4 18.axb4 Rxb4 19.Na3 Kf7 20.Bd6 Ra4 21.Bc5 Ng6 22.Bxf8 Nxf8
23.f3 Nd7 24.Bb3 Rb4 25.Rab1 c5 26.Nc2 Rb6 27.Ne3 Rb8 28.Nc4 Ra8 29.Nd6+ Ke7
30.f4 a5 31.Nxc8+ Rxc8 32.Ba4  1-0

[Event "ch-St Petersburg S/F 2011"]
[Site "St Petersburg RUS"]
[Date "2011.02.13"]
[Round "3.5"]
[White "Svetlov,D"]
[Black "Alekseenko,K"]
[Result "1-0"]
[WhiteElo "2414"]
[BlackElo "2309"]

1.Nf3 d5 2.c4 dxc4 3.Qa4+ Nd7 4.Qxc4 Ngf6 5.g3 c6 6.d4 Nb6 7.Qd3 g6 8.Nc3 Bg7
9.Bg2 Nfd5 10.O-O Nb4 11.Qd1 Bg4 12.Qb3 N4d5 13.e4 Nc7 14.Be3 Bxf3 15.Bxf3 Bxd4
16.Rad1 e5 17.Ne2 c5 18.Bh6 Ne6 19.Bg4 Qd6 20.a4 Qc6 21.Nc3 c4 22.Qc2 Rg8
23.a5 Nd7 24.Nd5 g5 25.Bf5 Nc7 26.Qe2 Nxd5 27.exd5 Qf6 28.Rxd4 Qxf5 29.Rxc4 Rg6
30.f4 Rxh6 31.fxe5 Qh3 32.Rc7 Kd8 33.Rxb7 Rc8 34.Qd2 Qh5 35.e6 Ne5 36.h4 Qg4
37.Qxg5+ Qxg5 38.hxg5 Rg6 39.exf7 Nxf7 40.Rfxf7 Rc1+ 41.Kf2  1-0

[Event "ch-St Petersburg S/F 2011"]
[Site "St Petersburg RUS"]
[Date "2011.02.13"]
[Round "3.1"]
[White "Malakhov,I"]
[Black "Frolochkin,V"]
[Result "1/2-1/2"]
[WhiteElo "2447"]
[BlackElo "2328"]

1.Nf3 d5 2.c4 e6 3.g3 Nd7 4.Bg2 dxc4 5.Na3 Bxa3 6.bxa3 Nb6 7.Bb2 f6 8.O-O Ne7
9.g4 e5 10.g5 Ng6 11.Kh1 Be6 12.Ne1 Bd5 13.e4 Be6 14.f4 Nxf4 15.Rxf4 exf4
16.gxf6 g6 17.Nf3 O-O 18.Ng5 Qd7 19.Qf1 Na4 20.Bh3 Bxh3 21.Qxc4+ Be6 22.Nxe6 Nxb2
23.Nxf8+ Nxc4 24.Nxd7 Rd8 25.Rc1 b5 26.d3 Rxd7 27.dxc4 Kf7 28.cxb5 Kxf6 29.Kg2 Ke5
30.Kf3 Rd3+ 31.Kg4 h5+ 32.Kg5 f3 33.Rxc7 Kxe4 34.Re7+ Kd4 35.Rxa7 f2 36.Rf7 Ke3
37.Kxg6 Ke2 38.b6 f1=Q 39.Rxf1 Kxf1 40.b7 Rd8 41.h4 Kf2 42.Kxh5 Kf3 43.a4 Rb8
44.Kg5 Ke4 45.h5 Ke5 46.Kg6 Rxb7 47.h6 Rb6+ 48.Kg7 Rb7+ 49.Kg6 Rb6+  1/2-1/2

[Event "ch-POL"]
[Site "Warsaw POL"]
[Date "2011.02.13"]
[Round "2"]
[White "Markowski,T"]
[Black "Pakleza,Z"]
[Result "1-0"]
[WhiteElo "2625"]
[BlackElo "2495"]

1.Nf3 d5 2.c4 c6 3.d4 Nf6 4.Qb3 Qb6 5.Nc3 Qxb3 6.axb3 Bg4 7.Ne5 e6 8.c5 Nbd7
9.Nxg4 Nxg4 10.f3 Ngf6 11.b4 e5 12.e3 g6 13.Bd3 Bh6 14.Kf2 O-O 15.b5 Rfb8
16.Rd1 Ne8 17.b4 a6 18.b6 exd4 19.exd4 Bxc1 20.Raxc1 Ng7 21.Nb1 Ne6 22.Bf1 f5
23.Na3 Re8 24.Nc2 Re7 25.Na1 Rae8 26.Nb3 Kf7 27.Re1 Nd8 28.Rxe7+ Rxe7 29.g3 Kf6
30.Ra1 Nb8 31.Na5 Ne6 32.Rd1 g5 33.Nb3 Nd7 34.Bd3 h5 35.Ra1 g4 36.f4 h4 37.Rd1 Rh7
38.Kg2 Re7 39.Rd2 h3+ 40.Kf2 Nd8 41.Ra2 Kg6 42.Re2 Rxe2+ 43.Kxe2 Kf6 44.Kd2 Kg6
45.Na5 Nb8 46.Be2 Kf6 47.Kd3 Ke7 48.Ke3 Kf6 49.Nb3 Nd7 50.Bd3 Ke6 51.Na5 Nb8
52.Kd2 Kf6 53.Bf1 Kg6 54.Kc3 Kf7 55.Kd3 Kf6 56.Ke3 Ke6 57.Be2 Ke7 58.Nb3 Nd7
59.Bd3 Ke6 60.Bc2 Nf7 61.Bd3 Nd8 62.Bf1 Ke7 63.Nc1 Nf6 64.Bd3 Ke6 65.Ne2 Nd7
66.Nc3 Kf6 67.Nd1 Ke6 68.Kd2 Nf7 69.Ne3 Nh6 70.Kc2 Nb8 71.Kb3 Kf6 72.Ka4 Ke6
73.Ka5 Kf6 74.b5 axb5 75.Bxb5 Ng8 76.Bd3 Ne7 77.Kb4 Ke6 78.Be2 Kf6 79.Kc3 Kg6
80.Nxg4 fxg4 81.Bxg4 Nf5 82.Bxh3 Nd7 83.Kd3 Nf6 84.g4 Ne7 85.Ke3 Nd7 86.Bf1 Nf6
87.h3 Kg7 88.Bd3 Nd7 89.f5 Nc8 90.Kf4 Ncxb6 91.cxb6 Nxb6 92.Ke5 Nd7+ 93.Ke6 Nf6
94.g5 Nh5 95.Ke7  1-0

[Event "ch-St Petersburg S/F 2011"]
[Site "St Petersburg RUS"]
[Date "2011.02.15"]
[Round "5.7"]
[White "Orlov,O2"]
[Black "Usmanov,V"]
[Result "0-1"]
[WhiteElo "2317"]
[BlackElo "2215"]

1.Nf3 d5 2.c4 e6 3.g3 Nf6 4.b3 c5 5.Bg2 Nc6 6.O-O Be7 7.Bb2 d4 8.e3 O-O 9.exd4 cxd4
10.Re1 Re8 11.Na3 Bd6 12.Nc2 e5 13.d3 Qc7 14.Qd2 a5 15.a3 Bf5 16.b4 axb4
17.axb4 Rxa1 18.Rxa1 h6 19.c5 Bf8 20.Na3 Qd8 21.Nh4 Bh7 22.Nc4 Nd5 23.Nd6 Bxd6
24.Bxd5 Be7 25.Bg2 Bxh4 26.gxh4 Qxh4 27.b5 Nd8 28.Ra8 Qe7 29.Ba3 Qd7 30.Rb8 Qc7
31.Ra8 Qd7 32.Rb8 e4 33.dxe4 Bxe4 34.Bxe4 Rxe4 35.f3 Re6 36.Qa5 b6 37.Qa8 Re8
38.c6 Qd5 39.c7 Qg5+ 40.Kf1 Qxb5+ 41.Kg2 Re2+ 42.Kh3 Qh5+ 43.Kg3 Qg5+ 44.Kh3 Qg2+
45.Kh4 g5+ 46.Kh5 Qh3+  0-1

[Event "ch-St Petersburg S/F 2011"]
[Site "St Petersburg RUS"]
[Date "2011.02.15"]
[Round "5.6"]
[White "Svetlov,D"]
[Black "Ovod,E"]
[Result "0-1"]
[WhiteElo "2414"]
[BlackElo "2414"]

1.Nf3 d5 2.c4 c6 3.e3 Nf6 4.Nc3 Nbd7 5.cxd5 Nxd5 6.d4 g6 7.e4 Nxc3 8.bxc3 Bg7
9.Bc4 O-O 10.O-O b5 11.Bb3 c5 12.Qe2 cxd4 13.cxd4 a5 14.Bd5 Ra7 15.Bg5 Ba6
16.Rfe1 Nb6 17.Bc6 Nc4 18.Rac1 h6 19.Bf4 g5 20.Bg3 g4 21.Nh4 Qxd4 22.Qxg4 e6
23.Qh5 Qb6 24.Bf4 Qxc6 25.Bxh6 f6 26.Rc3 Qe8 27.Ng6 Bxh6 28.Qxh6 Rh7 29.Qf4 e5
30.Qc1 Rff7 31.f4 exf4 32.Nxf4 Qe5 33.h3 Rhg7 34.Rd3 Rd7 35.Rd5 Rxd5 36.exd5 Qd4+
37.Kh1 Bb7 38.Re8+ Kf7 39.Rf8+ Ke7 40.Rb8 Bxd5 41.Rxb5 Bc6 42.Rb8 Qe4 43.Qf1 Ne3
44.Qf2 Qe5 45.Rb2 Bxg2+ 46.Kh2 Nf1+ 47.Kg1 Bxh3+ 48.Kh1 Qe4+  0-1

[Event "ch-ROU Men"]
[Site "Sarata Monteoru ROU"]
[Date "2011.02.16"]
[Round "6.15"]
[White "Stanciu,Al"]
[Black "Prundeanu,H"]
[Result "1-0"]
[WhiteElo "2297"]
[BlackElo "2194"]

1.Nf3 d5 2.c4 c6 3.d4 Nf6 4.Nc3 Qb6 5.g3 Bg4 6.Bg2 dxc4 7.Ne5 Be6 8.e4 Nbd7
9.Nxd7 Bxd7 10.O-O e6 11.h4 h6 12.Rb1 Bb4 13.Be3 Qa5 14.Bd2 Qd8 15.e5 Bxc3
16.bxc3 Nd5 17.Qg4 g6 18.h5 g5 19.Rxb7 Nb6 20.f4 Qc8 21.Rxb6 axb6 22.fxg5 Rxa2
23.Qf4 Kd8 24.gxh6 Kc7 25.Be4 Qg8 26.Kh2 Be8 27.Kh3 Kb7 28.g4 b5 29.Kh4 f5
30.exf6 e5 31.dxe5 Bd7 32.f7 Qd8+ 33.Qg5  1-0

[Event "ch-ROU Men"]
[Site "Sarata Monteoru ROU"]
[Date "2011.02.16"]
[Round "6.21"]
[White "Gilea,L"]
[Black "Tomici,S"]
[Result "1-0"]
[WhiteElo "2285"]
[BlackElo "2090"]

1.Nf3 d5 2.c4 e6 3.g3 c5 4.Bg2 Nc6 5.O-O Nf6 6.b3 Be7 7.Bb2 d4 8.e3 e5 9.exd4 exd4
10.d3 O-O 11.h3 Re8 12.a3 h6 13.Re1 Be6 14.Nbd2 Qd7 15.Kh2 a5 16.Ne5 Nxe5
17.Rxe5 Bd6 18.Re1 Re7 19.Nf3 Rae8 20.Qd2 b6 21.b4 cxb4 22.Nxd4 bxa3 23.Bc3 Rc8
24.Nb5 Nh7 25.Nxa3 Bxa3 26.Rxa3 Rd8 27.Qb2 Qxd3 28.Bf6 Qd6 29.Bxe7 Qxe7 30.Qxb6 Qxa3
31.Qxd8+ Nf8 32.Bd5 Kh7 33.Rd1 Qc5 34.Kg2 a4 35.Qe8 a3 36.Bxe6 Nxe6 37.Qxf7 Qxc4
38.Qf5+ Kg8 39.Qd5 Qe2 40.Ra1 Kh7 41.Rxa3  1-0

[Event "ch-POL"]
[Site "Warsaw POL"]
[Date "2011.02.16"]
[Round "5"]
[White "Piorun,K"]
[Black "Staniszewski,Pi"]
[Result "1-0"]
[WhiteElo "2513"]
[BlackElo "2407"]

1.Nf3 d5 2.c4 e6 3.d4 Nf6 4.Nc3 dxc4 5.e3 a6 6.a4 c5 7.Bxc4 Nc6 8.O-O Be7
9.Qe2 cxd4 10.Rd1 e5 11.exd4 exd4 12.Nxd4 Nxd4 13.Qe5 Qd6 14.Qxd4 Qxd4 15.Rxd4 Bc5
16.Rd3 Bf5 17.Rf3 Bg4 18.Rg3 Rc8 19.Ba2 Bd6 20.Re3+ Kf8 21.Rd3 Be5 22.f4 Bc7
23.Be3 Ba5 24.Bd4 Rd8 25.Kf1 Kg8 26.Re1 Be6 27.Bxe6 fxe6 28.Rxe6 Kf7 29.f5 Rd7
30.Ke2 Nd5 31.Nxd5 Rxd5 32.Be5 Rhd8 33.Rxd5 Rxd5 34.Kf3 Rd1 35.Rd6 Rf1+ 36.Ke4 Re1+
37.Kd5 Rd1+ 38.Bd4 Ke7 39.f6+ gxf6 40.Re6+ Kd8 41.Rxf6 Rd2 42.Rh6 Rxg2 43.Rxh7 Rd2
44.Ke4 Re2+ 45.Kd3 Rd2+ 46.Ke4 Re2+ 47.Kd3 Rd2+ 48.Ke3 Rg2 49.h4 b5 50.axb5 axb5
51.h5 Bd2+ 52.Kf3 Rh2 53.Kg3 Rh1 54.Kg2 Re1 55.h6 Ke8 56.Rh8+ Kf7 57.Bf2 Rd1
58.Rd8 Kg6 59.Kf3  1-0

[Event "ch-ROU Women"]
[Site "Sarata Monteoru ROU"]
[Date "2011.02.17"]
[Round "6.2"]
[White "Sgircea,S"]
[Black "Peptan,C"]
[Result "0-1"]
[WhiteElo "2203"]
[BlackElo "2414"]

1.Nf3 d5 2.c4 d4 3.e3 Nc6 4.exd4 Nxd4 5.Nxd4 Qxd4 6.Nc3 Nf6 7.Be2 c6 8.d3 Bf5
9.Be3 Qd7 10.d4 e6 11.O-O Be7 12.Bf3 O-O 13.Qe2 h6 14.Rfd1 Qc7 15.g3 Rfd8
16.Bf4 Bd6 17.Bxd6 Qxd6 18.d5 exd5 19.cxd5 c5 20.Nb5 Qb6 21.Rac1 Re8 22.Qc4 a6
23.Nc3 Qd6 24.a4 b6 25.Re1 Reb8 26.Nd1 Nd7 27.Ne3 Bg6 28.Bg2 b5 29.axb5 axb5
30.Qc3 c4 31.Ra1 Ne5 32.Rxa8 Rxa8 33.Nf5 Bxf5 34.Rxe5 b4 35.Qe1 Bd7 36.Bf1 Rc8
37.Re3 Qc5 38.Re7 Qd6 39.Re3 Kf8 40.Qd1 c3 41.bxc3 bxc3 42.Qc2 Qf6 43.Qh7 g5
44.Bd3 Ra8 45.Kg2 Ra2 46.Bc2 Ba4 47.Re2 g4 48.Kf1 Bxc2  0-1

[Event "ch-ROU Men"]
[Site "Sarata Monteoru ROU"]
[Date "2011.02.18"]
[Round "9.7"]
[White "Anton,T"]
[Black "Ardelean,Ge"]
[Result "0-1"]
[WhiteElo "2316"]
[BlackElo "2506"]

1.Nf3 d5 2.c4 c6 3.e3 Nf6 4.Nc3 a6 5.d4 b5 6.b3 Bg4 7.Be2 Nbd7 8.O-O e6 9.Bb2 Bd6
10.h3 Bh5 11.Rc1 Qb8 12.c5 Be7 13.Re1 O-O 14.Bf1 Ne4 15.Nxe4 dxe4 16.g4 Bg6
17.Ne5 Nxe5 18.dxe5 Rd8 19.Qc2 Rd5 20.b4 f5 21.exf6 Bxf6 22.Bg2 Bxb2 23.Qxb2 h5
24.f4 hxg4 25.hxg4 Qd8 26.Qc2 Qh4 27.Bxe4 Rad8 28.Bxg6 Rd2  0-1

[Event "ch-ROU Men"]
[Site "Sarata Monteoru ROU"]
[Date "2011.02.19"]
[Round "10.12"]
[White "Cioara,A"]
[Black "Dragomirescu,C"]
[Result "0-1"]
[WhiteElo "2427"]
[BlackElo "2233"]

1.Nf3 d5 2.c4 e6 3.g3 Nf6 4.Bg2 c6 5.b3 Be7 6.O-O O-O 7.Bb2 Nbd7 8.d4 b6
9.Nbd2 Ba6 10.Re1 b5 11.Qc2 Rb8 12.Ne5 Nxe5 13.dxe5 Nd7 14.cxd5 cxd5 15.Rad1 Rc8
16.Qb1 Qc7 17.e4 d4 18.Nf3 Bb4 19.Re2 Bc3 20.Rc2 b4 21.Nxd4 Nxe5 22.Bf1 Bxf1
23.Kxf1 Qb7 24.Re2 Rfd8 25.f4 Ng4 26.Rd3 Nf6 27.Bxc3 bxc3 28.Nf3 Rxd3 29.Qxd3 Nxe4
30.Ke1 Nd2 31.Nxd2 c2  0-1

[Event "TCh-SVK Extraliga 2010-11"]
[Site "Slovakia SVK"]
[Date "2011.02.19"]
[Round "5.4"]
[White "Staricek,P"]
[Black "Schwarz,Du"]
[Result "0-1"]
[WhiteElo "2206"]
[BlackElo "2294"]

1.Nf3 d5 2.c4 d4 3.e3 Nc6 4.Nxd4 Nxd4 5.exd4 Qxd4 6.Nc3 c6 7.d3 Nh6 8.Ne2 Qd6
9.a3 e5 10.b4 g6 11.Bb2 Bg7 12.h3 Nf5 13.c5 Qe7 14.g4 Nh4 15.Ng3 O-O 16.Qe2 Be6
17.Rg1 a5 18.Ne4 axb4 19.axb4 Rxa1+ 20.Bxa1 Ra8 21.Bb2 Ra2 22.Rg3 Bd5 23.Qc2 f5
24.gxf5 Nxf5 25.Rg4 Nd4 26.Qc3 Qe6 27.Be2 Qf5 28.b5 Nxb5 29.Qb4 Qf8 30.Rg5 Qe7
31.h4 b6 32.Bc1 bxc5 33.Qb1 Qa7 34.Bb2 Qa5+ 35.Bc3 Rxe2+ 36.Kxe2 Nxc3+ 37.Nxc3 Qxc3
38.Qb8+ Bf8 39.Rxe5 c4 40.dxc4 Bxc4+ 41.Kd1 Qd3+ 42.Ke1 Qf1+ 43.Kd2 Qxf2+
44.Kc3 Bd5 45.h5 Qf6 46.Kd2 Qd6 47.Re8 Qxb8 48.Rxb8 gxh5 49.Ke3 Kg7  0-1

[Event "ch-St Petersburg S/F 2011"]
[Site "St Petersburg RUS"]
[Date "2011.02.19"]
[Round "9.11"]
[White "Orlov,O2"]
[Black "Frolochkin,V"]
[Result "1/2-1/2"]
[WhiteElo "2317"]
[BlackElo "2328"]

1.Nf3 d5 2.c4 e6 3.g3 Nf6 4.d4 dxc4 5.Bg2 a6 6.O-O Nc6 7.Nc3 Rb8 8.e4 b5
9.e5 Nd5 10.Ng5 Qd7 11.Nxd5 exd5 12.e6 fxe6 13.Re1 Nd8 14.Bh3 Rb6 15.Bd2 Be7
16.Qh5+ g6 17.Qh6 Bf6 18.Nxe6 Nxe6 19.Bxe6 Rxe6 20.Rxe6+ Qxe6 21.Re1 Qxe1+
22.Bxe1 Bf5 23.Qf4 O-O 24.Qxc7 Bxd4 25.Bc3 Bxc3 26.bxc3 d4 27.g4 Bxg4 28.Qd6 dxc3
29.Qd5+ Rf7 30.Qd8+ Rf8  1/2-1/2

[Event "TCh-HUN 2010-11"]
[Site "Budapest HUN"]
[Date "2011.02.20"]
[Round "6"]
[White "Petran,Pa"]
[Black "Karolyi,T jr"]
[Result "1/2-1/2"]
[WhiteElo "2348"]
[BlackElo "2337"]

1.Nf3 d5 2.c4 c6 3.b3 Bg4 4.Bb2 Nd7 5.e3 e6 6.Be2 Ngf6 7.O-O Bd6 8.h3 Bh5
9.d4 Ne4 10.Nbd2 Nxd2 11.Nxd2 Bxe2 12.Qxe2 Nf6 13.e4 dxe4 14.Nxe4 Nxe4 15.Qxe4 O-O
16.Rad1 Re8 17.Rfe1 Qa5 18.a3 Rad8 19.Qc2 Be7 20.Re3 Bf6 21.a4 Qg5 22.Rdd3 g6
23.Bc3 Re7 24.Qd1 Red7 25.Rg3 Qh6 26.b4 Qg7 27.Rg4 a6 28.a5 Rd6 29.Re4 R6d7
30.Qa1 h5 31.f4  1/2-1/2